Top 100 des prénoms de filles les plus donnés en 1920 - Statistiques

Statistiques générales
  • Ce quiz a été pris 992 fois
  • Le résultat moyen est 23 sur 100
Statistiques - réponses
# Prénoms % Correct
1 Marie
86%
2 Jeanne
65%
23 Anne
56%
18 Louise
56%
44 Françoise
45%
30 Juliette
43%
50 Paule
42%
46 Anna
41%
32 Lucie
41%
31 Maria
41%
45 Rose
40%
8 Paulette
37%
20 Jacqueline
36%
90 Pauline
36%
66 Léa
35%
83 Camille
33%
53 Charlotte
33%
91 Emma
33%
27 Alice
32%
79 Bernadette
32%
3 Madeleine
32%
98 Monique
32%
29 Thérèse
32%
24 Yvette
32%
57 Colette
30%
63 Elisabeth
30%
22 Hélène
30%
37 Joséphine
30%
7 Marguerite
30%
19 Simonne
30%
69 Catherine
29%
12 Simone
29%
4 Suzanne
29%
85 Emilie
28%
73 Josette
28%
13 Odette
28%
10 Denise
27%
16 Georgette
27%
9 Renée
27%
11 Andrée
26%
35 Antoinette
26%
43 Elise
26%
41 Jeannine
26%
51 Christiane
24%
64 Claire
24%
21 Henriette
23%
15 Lucienne
23%
80 Mathilde
23%
5 Yvonne
23%
49 Cécile
22%
84 Ginette
22%
61 Francine
21%
33 Gabrielle
21%
14 Germaine
21%
72 Huguette
20%
58 Pierrette
20%
17 Raymonde
19%
25 Genevieve
18%
34 Gisèle
18%
6 Marcelle
18%
78 Mauricette
18%
59 Micheline
18%
86 Odile
18%
100 Julia
17%
55 Lucette
17%
26 Marthe
17%
99 Amélie
16%
74 Léonie
16%
65 Mireille
16%
39 Solange
16%
28 Fernande
15%
48 Angèle
14%
77 Aline
13%
62 Augustine
13%
71 Blanche
13%
54 Marie - Louise
13%
38 Berthe
12%
92 Edith
12%
89 Agnes
11%
47 Eugènie
11%
36 Gilberte
11%
60 Julienne
11%
75 Aimée
10%
68 Albertine
10%
67 Éliane
10%
40 Émilienne
10%
42 Irène
10%
81 Marie - Thérèse
10%
97 Arlette
9%
88 Léontine
9%
52 Rolande
9%
93 Janine
8%
56 Adrienne
7%
82 Andréa
7%
96 Yollande
7%
87 Augusta
5%
95 Carmen
5%
94 Olga
5%
70 Reine
5%
76 Léone
3%
Aucun quiz correspondant
Distribution des résultats
% des personnes avec chaque résultat
Percentile par nombre de réponses
Votre historique - résultats
Vous n’avez pas pris ce quiz